Capitales par lettre - B - Statistiques

Statistiques générales
  • Ce quiz a été pris 172 fois
    133 depuis la dernière actualisation
  • Le résultat moyen est 14 sur 25
Statistiques - réponses
Réponse % Correct
Bruxelles
86%
Berlin
83%
Bucarest
77%
Budapest
76%
Bogota‎
75%
Brasilia‎
75%
Bratislava
72%
Berne
69%
Buenos Aires
69%
Belgrade
67%
Bamako
58%
Bangkok
55%
Belmopan
51%
Bagdad
48%
Beyrouth
48%
Brazzaville
47%
Banjul
41%
Bangui
40%
Bakou
39%
Bridgetown
39%
Bichkek
38%
Bandar Seri Begawan
35%
Bissau
31%
Basseterre
26%
Bloemfontein
25%
Aucun quiz correspondant
Distribution des résultats
% des personnes avec chaque résultat
Percentile par nombre de réponses
Votre historique - résultats
Vous n’avez pas pris ce quiz depuis la dernière actualisation